• 首页
  • 本馆介绍
  • 公告通知
  • 最新文献
  • 馆藏检索
  • 电子资源
  • 读者导购
  • 参考咨询
  • 我的图书馆
  • 登录
  • 详细信息显示
  • 放入我的书架
  • 预约/预借图书
  • 作者相关作品
  • 分类相关作品
  • 丛书相关作品
  • 出版社相关作品

书目信息

  • 表格格式
  • 工作单格式
  • 卡片格式
题名:
图书馆自动化系统建设
    
 
作者: 陈云昌 , 郭振安 , 李玲 编著
分册:  
出版信息: 石家庄   河北科学技术出版社  
页数: 297页
开本: 19cm
丛书名:
单 册:
中图分类: G250.7
科图分类:
主题词: 图书馆学 , 图书馆事业
电子资源:
ISBN: 7-5375-1221-3
000 00678nam0 2200229 45
001 0404261172
005 20040426111745.4
010    @a7-5375-1221-3@dCNY6.20
100    @a20040426d km y0chiy0120 ea
101 0  @achi
105    @a z 000yy
200 1  @a图书馆自动化系统建设@ATu Shu Guan Zi Dong Hua Xi Tong Jian She@f陈云昌,郭振安,李玲编著@FChen Yun Chang,Guo Zhen An,Li Ling Bian Zhu
210    @a石家庄@c河北科学技术出版社
215    @a297页@d19cm
606 0  @a图书馆学
606 0  @a图书馆事业
690    @aG250.7@v3
701  0 @a陈云昌@4编著
701  0 @a郭振安@4编著
701  0 @a李玲@4编著
801    @aCN@bPftUser@c20040426
905    @f1@b263237@dG250.7@e66
    
    图书馆自动化系统建设/陈云昌,郭振安,李玲编著.-石家庄:河北科学技术出版社
    297页;19cm
    
    
    ISBN 7-5375-1221-3:CNY6.20
    
●
相关链接 在E读中查询图书 在五车中查询图书 在当当中查询图书 在豆瓣中查询图书


正题名:图书馆自动化系统建设     索取号:G250.7/66         预约/预借

序号 登录号 条形码 馆藏地/架位号 状态 备注
1 0263233   000500899   第一样本阅览室/ [索取号:G250.7/66] 在馆    
2 0263234   000500933   密集书库/ [索取号:G250.7/66] 在馆    
3 0263235   000500915   密集书库/ [索取号:G250.7/66] 在馆    
4 0263236   000500906   密集书库/ [索取号:G250.7/66] 在馆    
5 0263237   000500924   密集书库/ [索取号:G250.7/66] 在馆    
唐山师范学院图书馆 欢迎您!
大连网信软件有限公司© 版权所有